000 00720nam a2200241Ia 4500
005 20260430150416.0
008 008 250103s9999 xx 000 0 eng d
037 _aTheses
040 _aCRL
040 _beng
040 _ceng
041 _2eng
041 _aeng
084 _qCRL
100 _aBhattacharjee Shinjini Au.; Datta Anindita Gu.
_91237412
245 0 _aGendered Soundscapes of Resistance: Exploration of Baul Music and Rabindrasangeet in the Making of the Everyday in Bolpur, West Bengal
260 _c2022
300 _a211p.
650 _aGeography
700 _aUniversity of Delhi. Faculty of Social Sciences. Deptt. of Geography
_91237405
942 _cTH
999 _c1849711
_d1849711